000 01017nam a2200265Ia 4500
003 OSt
005 20220923211606.0
006 a|||||r|||| 00| 0
007 ta
008 220922b |||||||| |||| 00| 0 san d
020 _a9789388107235 (hbk)
_c550
024 _a353,114
037 _b263, 17/12/2019, Eastern Book Linkers
_cTextual
040 _aARTS
_cARTS
_bsan
041 _2san
_asan
082 _aQ2:4x, Q9
100 _aकौशिक, दिनेश, ले.
245 0 _aधर्मसूत्रों और स्मृतियों में प्रतिपादित आह्निक आचार
246 _aDharmasūtroan aur smṛutiyoan mean pratipādit āhnik āchāra
260 _aनई दिल्ली
_b संजय प्रकाशन
_c2019
300 _a175पृ0
_ccm.
650 _aधर्म
942 _hQ2:4x, Q9
_cTEXL
_2CC
999 _c301146
_d301146